[Event "Veneto-ch qf 63rd"]
[Site "Arqua Petrarca"]
[Date "2003.05.11"]
[Round "6.28"]
[White "Turri, Riccardo"]
[Black "Zanatta, Federico"]
[Result "0-1"]
[WhiteElo "1300"]
[BlackElo "1654"]
[PlyCount "64"]
[EventDate "2003.05.03"]
[EventType "swiss"]
[EventRounds "6"]
[EventCountry "ITA"]
[SourceTitle "EXT 2024"]
[Source "ChessBase"]
[SourceDate "2023.10.10"]
[SourceVersion "1"]
[SourceVersionDate "2023.10.10"]
[SourceQuality "1"]

1. d4 f5 2. Bf4 Nf6 3. Nd2 e6 4. c4 c5 5. e3 Nc6 6. Ngf3 cxd4 7. exd4 Qb6 8. Nb3 Bb4+ 9. Bd2 Bxd2+ 10. Qxd2 Ne4 11. Qe3 Nb4 12. Bd3 Nxd3+ 13. Qxd3 Qb4+ 14. Ke2 b6 15. a3 Qa4 16. Nbd2 Ba6 17. b3 Qc6 18. Rhe1 d5 19. Rac1 0-0 20. Kf1 Qd6 21. a4 Rf6 22. Kg1 Qf4 23. Qe3 Qg4 24. cxd5 exd5 25. Ne5 Qh5 26. f3 f4 27. Nxe4 fxe3 28. Nxf6+ gxf6 29. Ng4 Qg5 30. Rxe3 h5 31. f4 Qxf4 32. Rf3 Qxc1+ 0-1

[Event "Veneto-ch qf 63rd"]
[Site "Arqua Petrarca"]
[Date "2003.05.04"]
[Round "2.35"]
[White "Canazza, Alessandro"]
[Black "Turri, Riccardo"]
[Result "1-0"]
[WhiteElo "1615"]
[BlackElo "1300"]
[PlyCount "55"]
[EventDate "2003.05.03"]
[EventType "swiss"]
[EventRounds "6"]
[EventCountry "ITA"]
[SourceTitle "EXT 2024"]
[Source "ChessBase"]
[SourceDate "2023.10.10"]
[SourceVersion "1"]
[SourceVersionDate "2023.10.10"]
[SourceQuality "1"]

1. d4 Nf6 2. c4 c6 3. Nc3 d5 4. Nf3 Bg4 5. cxd5 Nxd5 6. Qb3 b6 7. Ne5 Be6 8. Qc2 g6 9. e4 Nb4 10. Qd1 Bg7 11. Bf4 f6 12. Nf3 f5 13. Be5 Bxe5 14. Nxe5 fxe4 15. a3 Nd3+ 16. Bxd3 exd3 17. Qxd3 0-0 18. 0-0 b5 19. Rae1 Qd6 20. Qe3 Nd7 21. Nxg6 Bc4 22. Nxf8 Bxf1 23. Nxd7 Qxd7 24. Kxf1 Re8 25. Qg5+ Kf8 26. Qh6+ Kg8 27. Re3 Kh8 28. Qf4 1-0